Historian tunnetuimpia henkilöitä - Statistics

Yleistilastot
  • Tätä visaa on pelattu 89 kertaa
  • Keskiarvotulos 11 / 14
Vastaustilastot
Hint Vastaus % Oikein
Jumalan poika kristinuskon mukaan Jeesus
100%
Natsi-Saksan johtaja Adolf Hitler
96%
Suomen marsalkka Carl Gustaf Emil Mannerheim
94%
Suomen pitkäaikaisin tasavallan presidentti Urho Kaleva Kekkonen
94%
Neuvostoliiton johtaja toisessa maailmasodassa Josif Stalin
93%
Islamin profeetta Muhammed
92%
Luterilaisuuden isä Martti Luther
90%
"Löysi" Amerikan Kristoffer Kolumbus
81%
Ranskan keisari 1804-1815 Napoleon
81%
Iso-Britannian pääministeri 1940-1945 Winston Churchill
78%
Neuvostoliiton perustaja Vladimir Lenin
77%
Yhdysvaltain ensimmäinen presidentti George Washington
72%
Kiinan kulttuurivallankumouksen mobilisoija Mao Zedong
46%
Mongolialainen valloittaja 1200-luvulta Tšingis-kaani
39%
Ehtoja vastaavia visoja ei löytynyt
Tulosjakauma
Jokaisen tuloksen saaneiden osuus
Persentiili vastausten määrän mukaan
Tuloshistoriasi
Et ole pelannut tätä visaa